000 00558nam a2200229 a 4500
001 nice12345678
003 IN_TiNIC
005 20260116012733.0
008 050524s1991 dela grp 000 0 eng
020 _a8185220
_c95
082 0 0 _a954.022
_bKAU
100 _aKaur, Surinder
245 _aSecular Emperor Babar
260 _aDelhi
_bInstt.Of Objective Studies
_c1991
300 _a117p
500 _aincludes index and biblioraphy
505 2 _aIndex
650 _aMughal India-Babar
902 _bSRS
942 _cBK
999 _c8169
_d8169